Five Closest World Capitals by Country #2 - Statistics

General Stats
  • This quiz has been taken 505 times
  • The average score is 21 of 30
Answer Stats
km Answer miles % Correct
72 Ottawa 45
94%
59 Brussels 37
92%
117 Baghdad 73
88%
49 Bern 31
88%
606 Cairo 377
88%
1 Monaco 1
88%
167 Havana 104
87%
12 Luxembourg 7
87%
426 Tunis 265
84%
60 Vienna 38
84%
735 Mexico City 457
82%
295 Nassau 183
80%
12 Andorra la Vella 8
79%
14 Bratislava 9
77%
110 Kuala Lumpur 68
77%
15 Singapore 10
76%
149 Belgrade 93
68%
86 Zagreb 53
65%
160 Ljubljana 99
64%
68 Dili 42
63%
866 Kingston 538
63%
350 Valletta 217
60%
85 Kuwait City 53
59%
171 Baku 106
58%
45 Yerevan 28
53%
678 Port Moresby 421
52%
114 Bandar Seri Begawan 71
49%
580 Athens 360
48%
852 Nicosia 530
46%
22 Ashgabat 14
43%
No matching quizzes found
Score Distribution
Percent of People with Each Score
Percentile by Number Answered
Your Score History
You have not taken this quiz